000 01038cab a2200301 4500
001 ABS58774
008 090401t1998 xxu||||| |||| 00| 0 eng d
035 _a(Sirsi) u86321
041 _aeng
100 _aHarrison, J.
245 _aTrims for the fringe
260 _c1998
350 _a0
490 _aPlanning (for the Natural and Built Environment)
_v(1262) 3 April 1998, 13(1)
520 _aLooks at fringe retail businesses that may not always fall within the A1 use class. Reviews planning issues that may arise, including planning objections and enforcement. Pays particular attention to mail order specialists, repair shops, the `hairdresser plus`, and shops with catering equipment.
650 _aA1 USE CLASS
650 _aCATERING
650 _aENFORCEMENT
650 _aHAIRDRESSERS
650 _aMAIL ORDER
650 _aPLANNING ISSUES
650 _aPLANNING OBJECTIONS
650 _aRETAILING
650 _aUSE CLASSES
690 _aPLANNING LAW AND PRACTICE
942 _n0
948 _c21/05/1998
999 _c54318
_d54318